| 000 | 00474nam a2200169 i 4500 | ||
|---|---|---|---|
| 001 | 74370 | ||
| 003 | ES-MaACL | ||
| 005 | 20230906172116.0 | ||
| 007 | t| | ||
| 008 | 040917s1928 fr ||||1| spa d | ||
| 100 | 1 |
_aSusi, Otal. _9108849 |
|
| 245 | 1 | 0 |
_aSiete sonetos de color / _cpor Otal Susi ; [Salustio González Rincones]. |
| 260 |
_aParis : _b[s.n., _c1928] ( _fA. Fabre) |
||
| 300 |
_a4 p. ; _c15 cm. |
||
| 700 | 1 |
_aSusi, Otal. _9108849 |
|
| 852 |
_aES-MaACL _j1736-F-4 |
||
| 999 |
_c74370 _d74370 |
||